000 00724nam a2200217Ia 4500
001 8405
003 GE_BSU
008 181216s||||||||xx |||||||||||||| ||und||
040 _cGE_BSU
100 _aელიოზიშვილი,მერაბ
245 _aბებერი მეზურნეები
245 _bმოთხრობები
245 _cრედ.ი.ვარდოსანიძე, მხატვ.დ.ერისთავი
260 _aთბილისი
260 _bნაკადული
260 _c1968
300 _a152გვ.19სმ.
653 _aბებერი მეზურნეები
653 _aმოთხრობები
942 _cBK
999 _c41724
_d41724